De versalles a wall street 1919-1929 (Registro nro. 4348)
[ vista simple ]
| 000 -LEADER | |
|---|---|
| fixed length control field | 01141 a2200217 4500 |
| 001 - CONTROL NUMBER | |
| control field | 47361 |
| 005 - DATE AND TIME OF LATEST TRANSACTION | |
| control field | 20260407155741.0 |
| 008 - FIXED-LENGTH DATA ELEMENTS--GENERAL INFORMATION | |
| fixed length control field | 260407a1986 arg spa d |
| 003 - CONTROL NUMBER IDENTIFIER | |
| control field | AR-UNSa-BCEJYS |
| 040 ## - CATALOGING SOURCE | |
| Original cataloging agency | AR-UNSa-BCEJYS |
| Language of cataloging | spa |
| Transcribing agency | AR-UNSa-BCEJYS |
| 080 ## - UNIVERSAL DECIMAL CLASSIFICATION NUMBER | |
| Universal Decimal Classification number | 94:33 |
| Common auxiliary subdivision | Historia económica |
| 041 ## - LANGUAGE CODE | |
| Language code of text/sound track or separate title | spa |
| 100 1# - MAIN ENTRY--PERSONAL NAME | |
| Personal name | Beltran, Jordi |
| 245 10 - TITLE STATEMENT | |
| Title | De versalles a wall street 1919-1929 |
| 264 #1 - PRODUCTION, PUBLICATION, DISTRIBUTION, MANUFACTURE, AND COPYRIGHT NOTICE | |
| Place of production, publication, distribution, manufacture | Barcelona : |
| Name of producer, publisher, distributor, manufacturer | Crítica |
| Date of production, publication, distribution, manufacture, or copyright notice | 1986 |
| 300 ## - PHYSICAL DESCRIPTION | |
| Extent | 417 p. |
| Dimensions | 20 cm. |
| 505 ## - FORMATTED CONTENTS NOTE | |
| Formatted contents note | 1. Introducción - 2. Las secuelas de la guerra - 3. Años de caos 1919-1921: Hambre y socorro; boom y depresión - 4. Deudas y reparción de guerra - 5. Reconstrucción y recuperación 1921-1925 - 6. La restauración de la estabilidad monetaria - 7. ¿Cúal fue el fallo del nuevo patrón oro? - 8. El boom de los últimos años veinte - 9. Los problemas de los productores básicos - 10. Naciones deudoras y concesión de préstamos internacionales - 11. Hacia la depresión: Explicaciones del punto de inflexión de 1929 - 12. Tendencias de la economía mundial -<br/> |
| 590 ## - LOCAL NOTE (RLIN) | |
| Local note | niveau_biblio:m niveau_hierar:0 |
| 700 1# - ADDED ENTRY--PERSONAL NAME | |
| Personal name | Aldcroft, Derek H. |
| 942 ## - ADDED ENTRY ELEMENTS (KOHA) | |
| Koha item type | |
| Withdrawn status | Lost status | Damaged status | Not for loan | Home library | Current library | Shelving location | Date acquired | Total checkouts | Full call number | Barcode | Date last seen | Price effective from | Koha item type |
|---|---|---|---|---|---|---|---|---|---|---|---|---|---|
| Biblioteca Prof. Eusebio Cleto del Rey | Biblioteca Prof. Eusebio Cleto del Rey | 07/04/2026 | 94:33 A357 | L127484 | 07/04/2026 | 07/04/2026 | Libro |